000 00352pam a2200157a 44500
008 230515b1983 xxu||||| |||| 00| 0 eng d
020 _aNULL
041 _aENGLISH
082 _aN.D.
100 _aKeiser Gerd
245 _aOptical Fiber Communication
250 _a0
260 _aNULL
_bMcgraw Hill Pub.
_c1983
300 _a461
650 _aNULL
999 _c575360
_d575360